000
00289nam a22001217a 4500
008
170712b xxu||||| |||| 00| 0 eng d
041
_a
eng
080
_2
2ND
_a
038
100
_a
23
101
_a
FJA
245
_a
THE AMERICAN HERITAGE SPANISH DICTIONARY
_c
PRITCHARD, D.R
942
_2
udc
_c
BK
999
_c
20339
_d
20339